Central Library OPAC University of Rajshahi

Economy and society : (Record no. 33584)

MARC details
000 -LEADER
fixed length control field 00900nam a2200277 i 4500
001 - CONTROL NUMBER
control field 33584
003 - CONTROL NUMBER IDENTIFIER
rucl marc code BD-RjUL
005 - DATE AND TIME OF LATEST TRANSACTION
control field 20211209052030.0
008 - FIXED-LENGTH DATA ELEMENTS--GENERAL INFORMATION
fixed length control field 140510s1968 nyu b 001 0 eng d
035 ## - SYSTEM CONTROL NUMBER
System control number (BD-RjUL)33675
040 ## - CATALOGING SOURCE
Original cataloging agency DLC
Transcribing agency DLC
Modifying agency DLC
-- BD-RjUL
Language of cataloging eng
041 ## - LANGUAGE CODE
Language code of text/sound track or separate title eng
082 00 - DEWEY DECIMAL CLASSIFICATION NUMBER
Classification number 330.954
Author mark and year WEE 1968
100 1# - MAIN ENTRY--PERSONAL NAME
Personal name Weber, Max
9 (RLIN) 101913
245 10 - TITLE STATEMENT
Title Economy and society :
Remainder of title an outline of interpretive sociology /
Statement of responsibility, etc. edited by Guenther Roth, ; Wittich Claus,
260 ## - PUBLICATION, DISTRIBUTION, ETC. (IMPRINT)
Place of publication, distribution, etc. New York :
Name of publisher, distributor, etc. Bedminster Press,
Date of publication, distribution, etc. 1968.
300 ## - PHYSICAL DESCRIPTION
Pagination V. ;
Size 23 cm.
504 ## - BIBLIOGRAPHY, ETC. NOTE
Bibliography, etc Includes bibliographical references and index.
505 0# - FORMATTED CONTENTS NOTE
Formatted contents note vol 2 -- vol, 3 --
651 #0 - SUBJECT ADDED ENTRY--GEOGRAPHIC NAME
Geographic name India
General subdivision Economic conditions
-- Congresses.
9 (RLIN) 101914
Geographic name India
General subdivision Social conditions
-- Congresses.
9 (RLIN) 34986
700 1# - ADDED ENTRY--PERSONAL NAME
Personal name Roth, Guenther
Personal name Claus, Wittich
942 ## - ADDED ENTRY ELEMENTS (KOHA)
Source of classification or shelving scheme Dewey Decimal Classification
Koha item type Books
Holdings
Lost status Source of classification or shelving scheme Damaged status Not for loan Collection code Permanent Location Current Location Shelving location Date acquired Source of acquisition Total Checkouts Full call number Date last seen Copy number Koha item type Cost, normal purchase price
  Dewey Decimal Classification   Not For Loan Non-fiction Central Library, University of Rajshahi Central Library, University of Rajshahi Reading Room 15/06/1972 Sweets & Zeitlinger   330.954 WEE V-2 1968 10/05/2014 C-1 Books  
  Dewey Decimal Classification   Not For Loan Non-fiction Central Library, University of Rajshahi Central Library, University of Rajshahi Reading Room 15/06/1972 Sweets & Zeetlinger   330.954 WEE V-3 1968 04/01/2017 C-1 Books 15.50